00854nam a22002417i 450000100060000000300080000600500170001400800410003103500190007204000180009104100080010908200300011711000460014724500600019326000780025330000250033150000170035650000350037365000320040894200120044099900170045295201430046951971BD-RjUL20211209075734.0160905s1938 ii a 000 0 eng  a(BD-RjUL)52091 aDLCcDLCbeng aeng 223 a385.0954 bREP 1938 2 aIndian Railway Enquiry Committee.915672010aReport of the Indian Railway Enquiry Committee, 1937 /  aDelhi :bManager of Publications,c1938 e(Simla :fGovt. of India Press) aix, 149 p. ;c25 cm. aCover title. aMaster microform held by: DLC. aRailroads zIndia. 9152379 2ddccBK c51971d51971 00102ddc40708NFICaRUCLbRUCLcStackd1962-02-03eA.I. Qurishig10.00l0o385.0954 REP 1938r2016-09-05 00:00:00tC-2w2021-12-09yBK